Impact of COVID-19 on Attitudes to Climate Change and Support for Climate Policies /

This paper inquires into how individual attitudes to climate issues and support for climate policies have evolved in the context of the pandemic. Using data from a unique survey of 14,500 individuals across 16 major economies, this study shows that the experience of the COVID-19 pandemic increased c...

Deskribapen osoa

Xehetasun bibliografikoak
Egile nagusia: Mohommad, Adil
Beste egile batzuk: Pugacheva, Evgenia
Formatua: Aldizkaria
Hizkuntza:English
Argitaratua: Washington, D.C. : International Monetary Fund, 2022.
Saila:IMF Working Papers; Working Paper ; No. 2022/023
Gaiak:
Sarrera elektronikoa:Full text available on IMF
LEADER 02169cas a2200325 a 4500
001 AALejournalIMF022421
008 230101c9999 xx r poo 0 0eng d
020 |c 5.00 USD 
020 |z 9798400200021 
022 |a 1018-5941 
040 |a BD-DhAAL  |c BD-DhAAL 
100 1 |a Mohommad, Adil. 
245 1 0 |a Impact of COVID-19 on Attitudes to Climate Change and Support for Climate Policies /  |c Adil Mohommad, Evgenia Pugacheva. 
264 1 |a Washington, D.C. :  |b International Monetary Fund,  |c 2022. 
300 |a 1 online resource (22 pages) 
490 1 |a IMF Working Papers 
500 |a <strong>Off-Campus Access:</strong> No User ID or Password Required 
500 |a <strong>On-Campus Access:</strong> No User ID or Password Required 
506 |a Electronic access restricted to authorized BRAC University faculty, staff and students 
520 3 |a This paper inquires into how individual attitudes to climate issues and support for climate policies have evolved in the context of the pandemic. Using data from a unique survey of 14,500 individuals across 16 major economies, this study shows that the experience of the COVID-19 pandemic increased concern for climate change and public support for green recovery policies. This suggests that the global health crisis has opened up more space for policy makers in key large economies to implement bolder climate policies. The study also finds that support for climate policies decreases when a person has experienced income and/or job loss during the pandemic. Protecting incomes and livelihoods in the near-term is thus important also from a climate policy perspective. 
538 |a Mode of access: Internet 
650 7 |a Climate Change, Climate Policy and COVID-19  |2 imf 
650 7 |a Climate Policies Decrease  |2 imf 
650 7 |a Climate Policy Perspective  |2 imf 
650 7 |a Climate  |2 imf 
650 7 |a Global Warming  |2 imf 
650 7 |a Natural Disasters and Their Management  |2 imf 
700 1 |a Pugacheva, Evgenia. 
830 0 |a IMF Working Papers; Working Paper ;  |v No. 2022/023 
856 4 0 |z Full text available on IMF  |u http://elibrary.imf.org/view/journals/001/2022/023/001.2022.issue-023-en.xml  |z IMF e-Library